000 01614nam a22003732 4500
001 0000025380
005 20151217154527.0
008 150827s xx 000 0 eng d
020 _a9966240095 :
040 _aKABU
_cKABU
100 1 _aTeti, David O.
_@0000186040
245 1 0 _aHow to pass exams /
_cby David O. Teti.
260 _aNairobi :
_bNathan,
_c2014.
300 _axvii, 145 p.
650 0 _aExaminations.
_@0000186041
852 1 _9p900 KES
852 1 _9p900 KES
852 1 _9p900 KES
852 1 _9p900 KES
852 1 _9p900 KES
852 1 _9p900 KES
852 1 _9p900 KES
852 1 _9p900 KES
852 1 _9p900 KES
852 1 _9p900 KES
852 1 _9p900 KES
852 1 _9p900 KES
852 1 _9p900 KES
852 1 _9p900 KES
852 1 _9p900 KES
852 1 _9p900 KES
908 _a150827
950 _@1
999 _c11674
_d11674